| 000 | 00695nam a2200157Ia 4500 | ||
|---|---|---|---|
| 008 | 220514s9999||||xx |||||||||||||| ||und|| | ||
| 020 | _a0-78971808-1 | ||
| 050 | _aQA 76.8 1999 | ||
| 100 | _aBazian, M. | ||
| 245 | 0 | _aUsing Visual Fox Pro 6 | |
| 260 |
_aIndianapolis _bQue _c1998 |
||
| 300 | _axix, 1002p. | ||
| 500 | _aA guide with routines and tips on using Visual FoxPro as a development tool for client/server applications. Chapters are in sections on working with data, creating a graphical user interface, object oriented programming, COM, and other Visual FoxPro topics, object oriented programming and COM and accessing remote data | ||
| 650 | _aInformatics|Software | ||
| 942 |
_2lcc _cBK |
||
| 999 |
_c4134 _d4134 |
||